Thực trạng sử dụng hóa chất bảo vệ thực vật của nông dân trong vùng ngập mặn tỉnh Bạc Liêu
Đề tài đánh giá thực trạng sử dụng thuốc bảo vệ thực vật trong vùng canh tác lúa của nông dân tỉnh Bạc Liêu, đưa ra những cảnh báo với người sử dụng. Nghiên cứu là cơ sở cho công tác khuyến nông, giáo dục ý thức bảo vệ môi trường và...
Đã lưu trong:
| 主要作者: | |
|---|---|
| 格式: | 图书 |
| 语言: | Undetermined |
| 出版: |
Cần Thơ
Trường Đại học Cần Thơ
2005
|
| 主题: | |
| 标签: |
添加标签
没有标签, 成为第一个标记此记录!
|
| Thư viện lưu trữ: | Trung tâm Học liệu Trường Đại học Cần Thơ |
|---|
| LEADER | 01270nam a2200205Ia 4500 | ||
|---|---|---|---|
| 001 | CTU_143407 | ||
| 008 | 210402s9999 xx 000 0 und d | ||
| 082 | |a 632.9 | ||
| 082 | |b Gi101 | ||
| 100 | |a Trần, Thị Hải Gíac | ||
| 245 | 0 | |a Thực trạng sử dụng hóa chất bảo vệ thực vật của nông dân trong vùng ngập mặn tỉnh Bạc Liêu | |
| 245 | 0 | |c Trần Thị Hải Gíac; Nguyễn Văn Công, Huỳnh Quốc Thịnh (Gíao viên hướng dẫn) | |
| 260 | |a Cần Thơ | ||
| 260 | |b Trường Đại học Cần Thơ | ||
| 260 | |c 2005 | ||
| 520 | |a Đề tài đánh giá thực trạng sử dụng thuốc bảo vệ thực vật trong vùng canh tác lúa của nông dân tỉnh Bạc Liêu, đưa ra những cảnh báo với người sử dụng. Nghiên cứu là cơ sở cho công tác khuyến nông, giáo dục ý thức bảo vệ môi trường và nhiều nghiên cứu khác,... | ||
| 650 | |a Agricultural chemicals,Plant, protection of,Hóa chất trong nông nghiệp | ||
| 650 | |x Pesticides,Thuốc trừ sâu | ||
| 904 | |i Năm | ||
| 980 | |a Trung tâm Học liệu Trường Đại học Cần Thơ | ||